| 000 | 01295nam0a22003011 4500 | ||
|---|---|---|---|
| 001 | rc\3444548 | ||
| 005 | 20250609234844.0 | ||
| 021 |
_aRU _b[74-96049] |
||
| 035 | _a(NLR Aleph) 007569944 | ||
| 090 |
_a5393927 _c5393927 |
||
| 100 | _a20130115d1974 |||y0rusy50 ca | ||
| 101 | 1 |
_arus _cabk |
|
| 102 | _aRU | ||
| 105 | _aa z |||a| | ||
| 200 | 1 |
_aВкус воды _eПовести и рассказы _eПер. с абхаз. _f[Авт. послесл. И. Тарба _gИл.: М. Бурзалов |
|
| 210 |
_aМосква _cМол. гвардия _d1974] |
||
| 215 |
_a270 с. _cил. _d16 |
||
| 225 | 1 | _a[Молодые писатели] | |
| 327 | 1 | _aСодерж.: Повести: Снег и молния; Вкус воды; Рассказы: Ягненок; Дикая азалия | |
| 464 | 0 |
_12001#$aСнег и молния$eПовесть$aВкус воды$eПовесть$aЯгненок$eРассказ$aДикая азалия$eРассказ _tДикая азалия |
|
| 700 | 1 |
_7ca _8rus _aГогуа _bА. Н. _f1932- _gАлексей Ночевич _9257417 _3RU\NLR\AUTH\770257473 |
|
| 702 | 1 |
_aТарба _bИ. _4080 |
|
| 702 | 1 |
_aБурзалов _bМ. _4440 |
|
| 801 | 0 |
_aRU _bNLR _gpsbo |
|
| 801 | 1 |
_aRU _bELAR _2rusmarc |
|
| 852 |
_aNLR _j74-2/2640 |
||
| 942 | _cBOOK | ||
| 980 | _aNB | ||